[Event "4NCL Online Division 6"]
[Site "online"]
[Date "2020.09.08"]
[Round "2.42"]
[White "Tait, Bill"]
[Black "Levy, Christopher A"]
[Result "1/2-1/2"]
[WhiteElo "1640"]
[BlackElo "1870"]
[PlyCount "194"]
[EventDate "2020.09.08"]
[WhiteTeam "Bradford DCA Knights C"]
[BlackTeam "Hackney Hackers"]

1. e4 c5 2. Nc3 Nc6 3. f4 d6 4. Nf3 g6 5. d3 Bg7 6. Nd5 e6 7. Ne3 Nge7 8. c3 b5
9. a3 a5 10. Nc2 O-O 11. Be2 b4 12. axb4 cxb4 13. cxb4 Bd7 14. bxa5 Rxa5 15.
Rxa5 Qxa5+ 16. Bd2 Qc5 17. Be3 Qa5+ 18. Bd2 Qb6 19. Be3 Qxb2 20. O-O Ra8 21.
Qb1 Ra2 22. Qxb2 Rxb2 23. Rc1 Na5 24. Bd4 Bxd4+ 25. Ncxd4 Nec6 26. Nxc6 Nxc6
27. Kf1 e5 28. fxe5 dxe5 29. Rc5 f6 30. h3 Kf8 31. Rc1 Ra2 32. Rb1 Ke7 33. Rd1
Ra4 34. Rb1 Kd6 35. Bd1 Ra3 36. Rb3 Ra1 37. Ke2 Ra2+ 38. Kf1 Bc8 39. Rb1 Ba6
40. Be2 Ra3 41. Rd1 Ra4 42. Kf2 Nd4 43. Nxd4 Rxd4 44. g4 g5 45. Ke3 Ra4 46. Rf1
Ke6 47. Rc1 Kf7 48. Rc7+ Kg6 49. Ra7 Bb5 50. Rxa4 Bxa4 51. d4 exd4+ 52. Kxd4
Bc6 53. Bc4 h5 54. Be6 h4 55. Bc4 Ba4 56. Bf1 Bc2 57. Bg2 Bd1 58. e5 fxe5+ 59.
Kxe5 Be2 60. Ke6 Bd3 61. Kd6 Kf6 62. Kd5 Be2 63. Kd6 Bd1 64. Kd5 Bb3+ 65. Kd6
Bc4 66. Kc5 Bb3 67. Kd4 Ke6 68. Be4 Kd6 69. Bg2 Bc2 70. Be4 Bd1 71. Bg2 Be2 72.
Ke4 Ke6 73. Kd4 Bb5 74. Bd5+ Kd6 75. Bg2 Bd7 76. Be4 Ba4 77. Bf3 Ke6 78. Bd5+
Kf6 79. Ke3 Ke5 80. Bb7 Bb3 81. Kf2 Kf4 82. Bc8 Bd5 83. Bd7 Bf3 84. Bc8 Bd5 85.
Bd7 Ke4 86. Bf5+ Ke5 87. Bc8 Be6 88. Bb7 Kf4 89. Bc6 Bxg4 90. hxg4 Kxg4 91.
Bd7+ Kf4 92. Kg2 g4 93. Bxg4 Kxg4 94. Kh2 h3 95. Kh1 Kg3 96. Kg1 h2+ 97. Kh1
Kh3 1/2-1/2

[Event "4NCL Online Division 6"]
[Site "online"]
[Date "2020.09.08"]
[Round "2.43"]
[White "Figueroa, Edison"]
[Black "Redmond, Nigel"]
[Result "1-0"]
[WhiteElo "1862"]
[BlackElo "1565"]
[PlyCount "93"]
[EventDate "2020.09.08"]
[WhiteTeam "Hackney Hackers"]
[BlackTeam "Bradford DCA Knights C"]

1. e4 d5 2. exd5 Nf6 3. d4 Bg4 4. Be2 Bxe2 5. Qxe2 Qxd5 6. Nf3 Nc6 7. c4 Qe4 8.
Be3 e5 9. Nc3 Bb4 10. O-O Bxc3 11. bxc3 O-O 12. Rab1 exd4 13. cxd4 b6 14. Rfd1
Rfe8 15. h3 Rad8 16. Qb2 a6 17. d5 Ne5 18. Nd2 Qh4 19. Bd4 Qh5 20. Re1 Ned7 21.
Nf3 Qg6 22. Ne5 Nxe5 23. Bxe5 Rd7 24. Bxf6 Rxe1+ 25. Rxe1 gxf6 26. Re8+ Kg7 27.
Qa3 Kh6 28. Qxa6 Qb1+ 29. Kh2 Qf1 30. Qc8 Qxf2 31. Qxd7 Qf4+ 32. Kg1 Qc1+ 33.
Kf2 Qf4+ 34. Ke2 Qxc4+ 35. Kf3 Qf1+ 36. Ke3 Qxg2 37. Qf5 Qg1+ 38. Kd2 Qd4+ 39.
Qd3 Qb4+ 40. Ke2 f5 41. Qe3+ f4 42. Qe4 Qb5+ 43. Kf3 Qf1+ 44. Kg4 Qg1+ 45. Kxf4
Qg5+ 46. Kf3 f5 47. Qf4 1-0

[Event "4NCL Online Division 6"]
[Site "online"]
[Date "2020.09.08"]
[Round "2.44"]
[White "Waite, Nicholas"]
[Black "Reilly, Gerhard"]
[Result "0-1"]
[WhiteElo "1420"]
[BlackElo "1787"]
[PlyCount "106"]
[EventDate "2020.09.08"]
[WhiteTeam "Bradford DCA Knights C"]
[BlackTeam "Hackney Hackers"]

1. d4 d5 2. Nf3 Nf6 3. e3 e6 4. Bd3 b6 5. c3 Bb7 6. Nbd2 Nbd7 7. O-O Bd6 8. Re1
Ne4 9. Qc2 f5 10. c4 c6 11. Nf1 O-O 12. Re2 Rc8 13. Ne1 Qf6 14. f3 Ng5 15. Rf2
Qg6 16. Ng3 Nf6 17. f4 Nf7 18. Nf3 Ne4 19. Rf1 Nxg3 20. hxg3 Qxg3 21. Qf2 Qg6
22. Bd2 c5 23. Rac1 Nh6 24. Ne5 Bxe5 25. dxe5 dxc4 26. Bxc4 Ng4 27. Qg3 Qe8 28.
Be2 h5 29. Bf3 Qd7 30. Rcd1 Ba6 31. Rfe1 Qa4 32. a3 Rcd8 33. Bxg4 fxg4 34. Qh4
g6 35. Qe7 Bc4 36. Qg5 Kg7 37. Qe7+ Kh8 38. Qg5 Rd7 39. Qh6+ Kg8 40. Qxg6+ Rg7
41. Qxh5 Qc2 42. Bc3 g3 43. Qf3 Qf5 44. e4 Qh7 45. Rd3 Qh2+ 46. Kf1 Rxf4 47.
Ree3 Rxf3+ 48. Rxf3 Bxd3+ 49. Rxd3 Qh1+ 50. Ke2 Qxg2+ 51. Kd1 Qf1+ 52. Kc2
Qxd3+ 53. Kxd3 g2 0-1

[Event "4NCL Online Division 6"]
[Site "online"]
[Date "2020.09.08"]
[Round "2.51"]
[White "Marshall, W John"]
[Black "Povah, Nigel E"]
[Result "0-1"]
[WhiteElo "1757"]
[BlackElo "2282"]
[PlyCount "78"]
[EventDate "2020.09.08"]
[WhiteTeam "Horsham 2"]
[BlackTeam "Guildford Castles"]

1. e4 c5 2. Nf3 Nc6 3. d4 cxd4 4. Nxd4 e6 5. Nc3 Qc7 6. Be3 a6 7. Be2 Nf6 8.
O-O Bb4 9. Bf3 Ne5 10. Bf4 Bxc3 11. bxc3 h5 12. Bxe5 Qxe5 13. h4 b5 14. Qe2 Bb7
15. Rfe1 Rc8 16. Qd3 Ng4 17. g3 Qc5 18. Bxg4 hxg4 19. Ne2 g5 20. Rad1 Rc7 21.
hxg5 Qxg5 22. Nf4 Qh6 23. Kf1 Qh1+ 24. Ke2 Qxe4+ 25. Qxe4 Bxe4 26. Rd6 Rxc3 27.
Rxa6 Ke7 28. Kd2 Rxc2+ 29. Kd1 Rb2 30. Kc1 Rc2+ 31. Kd1 Rc4 32. Kd2 Rhc8 33.
Ra5 b4 34. Re2 Bf3 35. Re1 Rd4+ 36. Ke3 Rcc4 37. Rb1 Rd6 38. Nd3 Re4+ 39. Kd2
Re2+ 0-1

[Event "4NCL Online Division 6"]
[Site "online"]
[Date "2020.09.08"]
[Round "2.52"]
[White "Punnett, Alan K"]
[Black "Trofin, Marian"]
[Result "1-0"]
[WhiteElo "2102"]
[BlackElo "1660"]
[PlyCount "85"]
[EventDate "2020.09.08"]
[WhiteTeam "Guildford Castles"]
[BlackTeam "Horsham 2"]

1. e4 e5 2. Nf3 Nc6 3. d4 Qf6 4. c3 h6 5. d5 Nce7 6. Be3 Ng6 7. Qa4 a6 8. Nbd2
Nh4 9. Nxh4 Qxh4 10. Nf3 Qf6 11. h4 Bd6 12. O-O-O Qe7 13. g4 c6 14. Bb6 Bc5 15.
Bxc5 Qxc5 16. Qc2 d6 17. Bh3 Ne7 18. dxc6 O-O 19. cxb7 Bxb7 20. h5 f6 21. Qb3+
Bd5 22. exd5 Qxf2 23. Nd2 Rab8 24. Qc4 Rb6 25. Nb3 Rc8 26. Qd3 Qf4+ 27. Kb1 a5
28. g5 Ra8 29. gxf6 Qxf6 30. Be6+ Kh8 31. Qe3 Rbb8 32. Rdf1 Nf5 33. Rxf5 Qe7
34. Rf7 Qd8 35. Qg3 Qg5 36. Qxg5 hxg5 37. h6 g6 38. Rg1 Rf8 39. Rgf1 Rxf7 40.
Rxf7 a4 41. Nd2 Rb8 42. Ne4 Rd8 43. Nf6 1-0

[Event "4NCL Online Division 6"]
[Site "online"]
[Date "2020.09.08"]
[Round "2.53"]
[White "Barrowclough, Richard"]
[Black "Tzanidakis, Michail"]
[Result "0-1"]
[WhiteElo "1547"]
[BlackElo "1675"]
[PlyCount "76"]
[EventDate "2020.09.08"]
[WhiteTeam "Horsham 2"]
[BlackTeam "Guildford Castles"]

1. e4 c5 2. b4 cxb4 3. Bb2 d6 4. d4 Nf6 5. Bd3 Nbd7 6. Nf3 Qc7 7. O-O e5 8. c4
Be7 9. Nbd2 O-O 10. Nb3 b6 11. d5 Nc5 12. Nxc5 bxc5 13. h3 Bd7 14. Nh2 g5 15.
Bc1 h6 16. Qc2 a5 17. h4 Nh5 18. hxg5 hxg5 19. Be2 Nf4 20. Bf3 Kg7 21. Bg4 Rh8
22. Qd1 Rh7 23. Bxf4 exf4 24. Bxd7 Qxd7 25. Qg4 Qxg4 26. Nxg4 Rah8 27. f3 Bf6
28. Nxf6 Kxf6 29. Kf2 a4 30. Ke2 Rh2 31. Rf2 Ke5 32. Kd3 R8h3 33. Ke2 Rg3 34.
Rg1 Kd4 35. Re1 f6 36. Rc1 Rgxg2 37. Rxg2 Rxg2+ 38. Kf1 Rxa2 0-1

[Event "4NCL Online Division 6"]
[Site "online"]
[Date "2020.09.08"]
[Round "2.61"]
[White "Kenning, Paul H"]
[Black "Nallaperumal, Kasi Veshagan"]
[Result "1-0"]
[WhiteElo "1922"]
[BlackElo "1502"]
[PlyCount "35"]
[EventDate "2020.09.08"]
[WhiteTeam "Anglia Avengers 3"]
[BlackTeam "Maidenhead 2"]

1. d4 Nf6 2. Bf4 d5 3. e3 c5 4. c3 Nc6 5. Nd2 c4 6. Be2 Bf5 7. Ngf3 e6 8. Nh4
Be4 9. Nxe4 Nxe4 10. Nf3 Be7 11. Nd2 Nd6 12. Qc2 Nf5 13. Bg3 O-O 14. e4 Nxg3
15. hxg3 dxe4 16. Nxe4 Qd5 17. Nf6+ Bxf6 18. Qxh7# 1-0

[Event "4NCL Online Division 6"]
[Site "online"]
[Date "2020.09.08"]
[Round "2.62"]
[White "Kumar, Satyam"]
[Black "Marshall, Michael"]
[Result "0-1"]
[WhiteElo "1300"]
[BlackElo "1832"]
[PlyCount "86"]
[EventDate "2020.09.08"]
[WhiteTeam "Maidenhead 2"]
[BlackTeam "Anglia Avengers 3"]

1. e4 c5 2. Nf3 e6 3. d4 cxd4 4. Nxd4 Nc6 5. Nc3 Qc7 6. a3 a6 7. Be3 Nf6 8. Qd2
b5 9. O-O-O Bb7 10. Nxc6 Bxc6 11. f3 d5 12. Bd3 Be7 13. exd5 Nxd5 14. Nxd5 Bxd5
15. Bf4 Qc6 16. Be5 f6 17. Bc3 O-O 18. Bb4 Bxb4 19. Qxb4 Rac8 20. Qh4 f5 21. g4
Bxf3 22. Rdf1 Bxh1 23. gxf5 exf5 24. Rxf5 Qh6+ 25. Qxh6 gxh6 26. Rh5 Kg7 27.
Rd5 Rfd8 28. Re5 Rxd3 29. Kb1 Rd1+ 30. Ka2 Bd5+ 31. Rxd5 Rxd5 32. Kb3 Rd2 33.
c3 Rxh2 34. Ka2 Rd2 35. Kb3 h5 36. a4 h4 37. axb5 axb5 38. Ka3 h3 39. b3 h2 40.
Kb4 h1=Q 41. Kxb5 Qc6+ 42. Ka5 Ra2+ 43. Kb4 Qc5# 0-1

[Event "4NCL Online Division 6"]
[Site "online"]
[Date "2020.09.08"]
[Round "2.63"]
[White "Paez, Alonso"]
[Black "Chen, William"]
[Result "1/2-1/2"]
[WhiteElo "1652"]
[BlackElo "1270"]
[PlyCount "92"]
[EventDate "2020.09.08"]
[WhiteTeam "Anglia Avengers 3"]
[BlackTeam "Maidenhead 2"]

1. f4 e5 2. fxe5 d6 3. Nf3 dxe5 4. e4 Bc5 5. c3 Bg4 6. Be2 Nc6 7. b4 Bb6 8. Na3
a6 9. Nc4 Bxf3 10. Bxf3 Ba7 11. d3 b5 12. Ne3 Nf6 13. O-O O-O 14. h3 Qd7 15.
Kh2 Rad8 16. Nd5 Nxd5 17. exd5 Ne7 18. c4 bxc4 19. dxc4 Qf5 20. Qe2 Bd4 21. Bb2
Bxb2 22. Qxb2 Ng6 23. Rae1 Rfe8 24. Be4 Qg5 25. Bxg6 hxg6 26. Qf2 f5 27. Qg3
Qxg3+ 28. Kxg3 Kf7 29. h4 Kf6 30. Re2 g5 31. hxg5+ Kxg5 32. Rh1 e4 33. Rh7 Kg6
34. Rh4 Rh8 35. Rxh8 Rxh8 36. Kf4 Kf6 37. g3 Rh3 38. Rg2 g5+ 39. Ke3 f4+ 40.
Kxe4 Rxg3 41. Rxg3 fxg3 42. Kf3 Ke5 43. Kxg3 Kd4 44. b5 axb5 45. cxb5 Kxd5 46.
a4 Kc5 1/2-1/2

[Event "4NCL Online Division 6"]
[Site "online"]
[Date "2020.09.08"]
[Round "2.64"]
[White "Balachandar, Sridhar"]
[Black "Gu, William"]
[Result "0-1"]
[WhiteElo "1200"]
[BlackElo "1622"]
[PlyCount "108"]
[EventDate "2020.09.08"]
[WhiteTeam "Maidenhead 2"]
[BlackTeam "Anglia Avengers 3"]

1. e4 c6 2. d4 d5 3. e5 Bf5 4. Bd3 Bxd3 5. Qxd3 e6 6. Nf3 c5 7. Qb5+ Qd7 8. Nc3
Qxb5 9. Nxb5 Kd7 10. Be3 c4 11. Ng5 Nh6 12. Nxf7 Nxf7 13. O-O Nc6 14. a3 a6 15.
Nc3 Be7 16. f4 Nh6 17. Na4 Kc7 18. h3 Nf5 19. Bf2 Nfxd4 20. Bxd4 Nxd4 21. Rf2
b5 22. Nc3 Bc5 23. Kh2 Nb3 24. Raf1 Bxf2 25. Rxf2 Nd4 26. Rd2 Nc6 27. a4 b4 28.
Ne2 Rad8 29. b3 c3 30. Rd3 Rhf8 31. Rg3 g6 32. h4 d4 33. Rd3 h6 34. g3 g5 35.
hxg5 hxg5 36. Rf3 Nxe5 37. Rf2 Ng4+ 38. Kg2 Nxf2 39. Kxf2 gxf4 40. Nxf4 e5 41.
Kf3 exf4 42. gxf4 Rde8 43. a5 Re3+ 44. Kg4 Re1 45. Kf3 Re3+ 46. Kg4 Kd6 47. Kg5
Rg8+ 48. Kf5 Rf8+ 49. Kg5 Re1 50. Kg4 d3 51. cxd3 c2 52. f5 c1=Q 53. d4 Rg8+
54. Kf3 Qe3# 0-1

[Event "4NCL Online Division 6"]
[Site "online"]
[Date "2020.09.08"]
[Round "2.71"]
[White "Busuioc, Alexandra"]
[Black "Buanne, Luca"]
[Result "1-0"]
[WhiteElo "1924"]
[BlackElo "2005"]
[PlyCount "87"]
[EventDate "2020.09.08"]
[WhiteTeam "Chessable White Rose 3"]
[BlackTeam "Battersea Juniors"]

1. e4 c5 2. Nf3 d6 3. d4 cxd4 4. Nxd4 Nf6 5. Nc3 a6 6. Be2 e5 7. Nb3 Be7 8. Be3
Be6 9. Qd2 O-O 10. O-O-O Nbd7 11. f4 Ng4 12. Bxg4 Bxg4 13. Rdf1 exf4 14. Rxf4
Ne5 15. h4 b5 16. Nd5 a5 17. Bb6 Qd7 18. Nxa5 Be6 19. Kb1 Bxd5 20. exd5 Rfb8
21. Bd4 b4 22. Nb3 Qa4 23. Nc1 Bf6 24. g4 Nc4 25. Qf2 Bxd4 26. Qxd4 Ne5 27. g5
Qa5 28. Rhf1 Rb5 29. h5 b3 30. cxb3 Rxd5 31. Qc3 Qd8 32. Rf5 Rc5 33. Qd4 Nc6
34. Qf2 Rxf5 35. Qxf5 Ne5 36. Rd1 Qc7 37. h6 Rc8 38. Ne2 g6 39. Qf1 Qc2+ 40.
Ka1 Nd3 41. Rb1 Nc5 42. Nd4 Nxb3+ 43. Nxb3 Qxb3 44. Qf6 1-0

[Event "4NCL Online Division 6"]
[Site "online"]
[Date "2020.09.08"]
[Round "2.72"]
[White "Agrawal, Shivam"]
[Black "Parkhouse, Max"]
[Result "1/2-1/2"]
[WhiteElo "1952"]
[BlackElo "1862"]
[PlyCount "74"]
[EventDate "2020.09.08"]
[WhiteTeam "Battersea Juniors"]
[BlackTeam "Chessable White Rose 3"]

1. d4 d5 2. c4 e6 3. Nc3 Nf6 4. Bf4 c6 5. e3 Nbd7 6. Nf3 Be7 7. Bd3 Nh5 8. Bg3
Nxg3 9. hxg3 h6 10. Qc2 a5 11. g4 b6 12. e4 dxc4 13. Bxc4 Bb7 14. d5 cxd5 15.
exd5 exd5 16. Bxd5 Bxd5 17. Nxd5 Bb4+ 18. Nxb4 axb4 19. Qe4+ Qe7 20. Qxe7+ Kxe7
21. O-O Rhe8 22. Nd4 Kf8 23. f3 Rac8 24. Rac1 Nc5 25. Rfd1 Na4 26. b3 Nc3 27.
Rd2 Rcd8 28. Kf2 Nxa2 29. Rxa2 Rxd4 30. Rc7 Re7 31. Ra8+ Re8 32. Raa7 Rf4 33.
Kg3 Rf6 34. Rc4 Re7 35. Ra1 g5 36. Rxb4 Kg7 37. Ra6 Ree6 1/2-1/2

[Event "4NCL Online Division 6"]
[Site "online"]
[Date "2020.09.08"]
[Round "2.73"]
[White "Posadas, Rayelynn"]
[Black "Dupuis, Denis K"]
[Result "1-0"]
[WhiteElo "1915"]
[BlackElo "1870"]
[PlyCount "233"]
[EventDate "2020.09.08"]
[WhiteTeam "Chessable White Rose 3"]
[BlackTeam "Battersea Juniors"]

1. Nf3 d5 2. g3 c5 3. Bg2 Nc6 4. O-O Nf6 5. d4 Bg4 6. Ne5 Bf5 7. c4 e6 8. Qa4
Qb6 9. e3 Bd6 10. dxc5 Qxc5 11. cxd5 exd5 12. Nxc6 bxc6 13. Bd2 Rc8 14. a3 Qb6
15. Bc3 Be7 16. Bd4 Qb7 17. Qxa7 Qxa7 18. Bxa7 O-O 19. Nd2 c5 20. Rfc1 Rfd8 21.
Bb6 Rd7 22. b4 Rb7 23. Bxc5 Bxc5 24. bxc5 Rb5 25. c6 Rb6 26. e4 Nxe4 27. Nxe4
Bxe4 28. Bxe4 dxe4 29. Rc4 Rbxc6 30. Rxe4 Rc1+ 31. Rxc1 Rxc1+ 32. Kg2 g6 33. a4
Ra1 34. Re8+ Kg7 35. Ra8 h5 36. a5 Ra3 37. a6 Kh7 38. h3 Kg7 39. a7 Kh7 40. g4
hxg4 41. hxg4 g5 42. f3 Ra2+ 43. Kg3 Kg7 44. Kh3 Ra3 45. Kg3 Kh7 46. Kf2 Kg7
47. Ke2 Kh7 48. Rd8 Rxa7 49. Ke3 Re7+ 50. Kd4 Re1 51. Rd5 Kg6 52. Re5 Rd1+ 53.
Ke4 Ra1 54. Rd5 Ra4+ 55. Ke5 Rf4 56. Rd3 Kg7 57. Re3 Kg6 58. Kd5 Kf6 59. Rc3
Kg6 60. Rc6+ f6 61. Rc3 Ra4 62. Rd3 Ra5+ 63. Ke4 Kf7 64. Rd5 Ra4+ 65. Rd4 Ra1
66. Kf5 Ra5+ 67. Ke4 Re5+ 68. Kd3 Re1 69. Rd7+ Ke6 70. Ra7 Rd1+ 71. Ke3 Rd6 72.
Ke4 Rb6 73. Ra4 Kf7 74. f4 gxf4 75. Kxf4 Rb1 76. Ra7+ Kg6 77. Ra5 Rf1+ 78. Kg3
Rg1+ 79. Kf4 Re1 80. Kf3 Rb1 81. Kg3 Rf1 82. Rb5 Rg1+ 83. Kf3 Re1 84. Ra5 Rf1+
85. Kg3 Kf7 86. Rb5 Ke6 87. Rb6+ Ke5 88. Rb5+ Ke4 89. Rb4+ Kd5 90. Rb5+ Kc4 91.
Ra5 Kb4 92. Rd5 Rc1 93. Kf4 Rf1+ 94. Ke4 Kc4 95. Rd8 Kc5 96. Rd3 Rg1 97. Kf5
Rf1+ 98. Kg6 Rf4 99. Kh5 Kc4 100. Rd8 Kc5 101. Rd1 Rd4 102. Rf1 Rd5+ 103. Kh6
Rg5 104. Rf5+ Rxf5 105. gxf5 Kd6 106. Kg7 Ke7 107. Kg6 Ke8 108. Kxf6 Kf8 109.
Ke6 Ke8 110. f6 Kf8 111. f7 Kg7 112. Ke7 Kh7 113. f8=Q Kg6 114. Qf6+ Kh7 115.
Qg5 Kh8 116. Kf7 Kh7 117. Qg7# 1-0

[Event "4NCL Online Division 6"]
[Site "online"]
[Date "2020.09.08"]
[Round "2.74"]
[White "Chaban, Roxolana"]
[Black "Hayes, Solomon"]
[Result "0-1"]
[WhiteElo "1735"]
[BlackElo "1495"]
[PlyCount "72"]
[EventDate "2020.09.08"]
[WhiteTeam "Battersea Juniors"]
[BlackTeam "Chessable White Rose 3"]

1. e4 c5 2. Nf3 Nc6 3. d4 cxd4 4. Nxd4 Nf6 5. Nc3 e5 6. Ndb5 d6 7. Bg5 a6 8.
Na3 b5 9. Nd5 Be7 10. Bxf6 Bxf6 11. c4 b4 12. Nc2 a5 13. g3 O-O 14. Bg2 Be6 15.
Nce3 Bg5 16. O-O Rb8 17. h4 Bh6 18. Ng4 Bxg4 19. Qxg4 Kh8 20. Qd1 Nd4 21. b3 g6
22. f4 f5 23. h5 Qd7 24. hxg6 fxe4 25. Bxe4 Qh3 26. fxe5 Qxg3+ 27. Bg2 dxe5 28.
gxh7 Rxf1+ 29. Qxf1 Rf8 30. Qd1 Nf3+ 31. Kf1 Nd4+ 32. Kg1 Rf2 33. Qf1 Rxf1+ 34.
Rxf1 Ne2+ 35. Kh1 Qh4+ 36. Bh3 Qxh3# 0-1

[Event "4NCL Online Division 6"]
[Site "online"]
[Date "2020.09.08"]
[Round "2.81"]
[White "Ruane, Ciaran"]
[Black "Walker, David N"]
[Result "1-0"]
[WhiteElo "1835"]
[BlackElo "1900"]
[PlyCount "91"]
[EventDate "2020.09.08"]
[WhiteTeam "St Benildus C"]
[BlackTeam "Harborough Cuatro"]

1. e4 e6 2. d4 d5 3. Nc3 Nf6 4. Bg5 Be7 5. e5 Nfd7 6. h4 c5 7. Bxe7 Kxe7 8. f4
Qb6 9. Nf3 Nc6 10. Na4 Qa5+ 11. c3 b5 12. Nxc5 Nxc5 13. dxc5 b4 14. Nd4 Bd7 15.
Nb3 Qc7 16. cxb4 Nxb4 17. a3 Nc6 18. Rc1 Rab8 19. Rc3 a5 20. Qc2 a4 21. Nc1 Qa5
22. Qd2 Rxb2 23. Qxb2 d4 24. Ne2 Rb8 25. Qd2 dxc3 26. Qxc3 Rb3 27. Qxa5 Nxa5
28. Rh3 Rxh3 29. gxh3 Nc4 30. Nc3 Nxa3 31. Kd2 Bc6 32. Kc1 Bd5 33. Nxa4 Nc4 34.
Nc3 Ne3 35. Bd3 Ng2 36. Nxd5+ exd5 37. f5 Nxh4 38. c6 Nf3 39. Bb5 Kd8 40. e6
fxe6 41. fxe6 Nd4 42. e7+ Kxe7 43. c7 Nxb5 44. c8=Q Nd6 45. Qc7+ Ke6 46. Qxg7
1-0

[Event "4NCL Online Division 6"]
[Site "online"]
[Date "2020.09.08"]
[Round "2.82"]
[White "Garland, Michael A jnr"]
[Black "Murray, Benjamin"]
[Result "0-1"]
[WhiteElo "1622"]
[BlackElo "1709"]
[PlyCount "124"]
[EventDate "2020.09.08"]
[WhiteTeam "Harborough Cuatro"]
[BlackTeam "St Benildus C"]

1. e4 e6 2. c4 d5 3. cxd5 exd5 4. Qb3 dxe4 5. Bc4 Qe7 6. Nc3 c6 7. a4 Nd7 8.
Nge2 Nb6 9. Nxe4 Nxc4 10. Qxc4 Be6 11. Qc2 Bd5 12. d3 f5 13. Bg5 Qb4+ 14. Bd2
Qb6 15. N4g3 Bxg2 16. Rg1 Bh3 17. a5 Qc7 18. O-O-O O-O-O 19. Nf4 Bg4 20. Rde1
Qd7 21. h3 Bf3 22. Ne6 Re8 23. Nxf8 Rxf8 24. Qc5 Rd8 25. Qxa7 Qxd3 26. Qa8+ Kd7
27. Qxb7+ Kd6 28. Bf4+ Kc5 29. Qb6+ Kc4 30. Qa6+ Kb4 31. Qb6+ Ka4 32. Re3 Qc4+
33. Kb1 Rd3 34. b3+ Rxb3+ 35. Qxb3+ Qxb3+ 36. Rxb3 Kxb3 37. Nxf5 Be4+ 38. Kc1
Bxf5 39. Rxg7 Nf6 40. Be5 Rf8 41. a6 Nd7 42. Bd6 Ra8 43. Rg3+ Kc4 44. Ra3 Kb5
45. a7 Kb6 46. Bf4 Rxa7 47. Be3+ c5 48. Rb3+ Kc6 49. h4 Ne5 50. Rc3 Nd3+ 51.
Kd1 Ra2 52. Rc2 Rxc2 53. Kxc2 Nxf2+ 54. Kd2 Ng4 55. Bg5 h5 56. Kc3 Kd5 57. Kb3
Nf2 58. Kc3 Ne4+ 59. Kb3 Nxg5 60. hxg5 h4 61. Kc3 h3 62. Kd2 Bg6 0-1

[Event "4NCL Online Division 6"]
[Site "online"]
[Date "2020.09.08"]
[Round "2.83"]
[White "Willow, David"]
[Black "Redding, Jonathan"]
[Result "1-0"]
[WhiteElo "1728"]
[BlackElo "1337"]
[PlyCount "111"]
[EventDate "2020.09.08"]
[WhiteTeam "St Benildus C"]
[BlackTeam "Harborough Cuatro"]

1. e4 e5 2. Nf3 Nc6 3. Bb5 Bc5 4. c3 Nf6 5. d3 a6 6. Ba4 d5 7. Nxe5 Bd7 8. Nxd7
Qxd7 9. d4 Bb6 10. e5 Ne4 11. f3 Ng5 12. Bxg5 h6 13. Bh4 g5 14. Bf2 Qe6 15. O-O
O-O-O 16. Nd2 h5 17. Be3 f6 18. f4 g4 19. f5 Qe7 20. Bxc6 bxc6 21. e6 g3 22. h3
c5 23. Nf3 h4 24. Qa4 Kb7 25. Rab1 Rh5 26. Ne1 cxd4 27. Bxd4 c5 28. Be3 d4 29.
Bf4 Rxf5 30. Kh1 Bc7 31. Nd3 Qxe6 32. Bxc7 Rxf1+ 33. Rxf1 Qe2 34. Qd1 Qxd1 35.
Nxc5+ Kxc7 36. Rxd1 Kb6 37. cxd4 a5 38. Kg1 Re8 39. Kf1 f5 40. Re1 Rxe1+ 41.
Kxe1 Kb5 42. Kd2 Kc4 43. Ke3 f4+ 44. Kxf4 Kxd4 45. Nb3+ Kd3 46. Nxa5 Ke2 47.
Nc4 Kf2 48. Ne3 Ke2 49. a4 Kf2 50. a5 Ke2 51. a6 Kf2 52. a7 Kg1 53. a8=Q Kh2
54. Ng4+ Kg1 55. Kf3 Kh1 56. Qa1# 1-0

[Event "4NCL Online Division 6"]
[Site "online"]
[Date "2020.09.08"]
[Round "2.84"]
[White "Butler, Rene"]
[Black "Kenny, William"]
[Result "0-1"]
[WhiteElo "1142"]
[BlackElo "1719"]
[PlyCount "54"]
[EventDate "2020.09.08"]
[WhiteTeam "Harborough Cuatro"]
[BlackTeam "St Benildus C"]

1. d4 d5 2. Bf4 h5 3. e3 e5 4. Bxe5 f6 5. Bg3 h4 6. Bf4 g5 7. Bxg5 fxg5 8. Nf3
g4 9. Ne5 Qg5 10. Nc3 Ne7 11. Be2 Rg8 12. Qd2 Bg7 13. e4 Bxe5 14. Qxg5 Rxg5 15.
dxe5 Rxe5 16. Nxd5 Nxd5 17. exd5 Bf5 18. Rc1 Na6 19. a3 O-O-O 20. Kd2 Rexd5+
21. Kc3 Rc5+ 22. Kb3 Be6+ 23. Ka4 Rd4+ 24. b4 Rc3 25. Rhd1 Bd7+ 26. Bb5 Nc5+
27. Ka5 b6# 0-1

[Event "4NCL Online Division 6"]
[Site "online"]
[Date "2020.09.08"]
[Round "2.91"]
[White "Sarpotdar, Amogh"]
[Black "Bromilow, Edward T"]
[Result "1-0"]
[WhiteElo "2020"]
[BlackElo "1870"]
[PlyCount "49"]
[EventDate "2020.09.08"]
[WhiteTeam "Stroud Middles"]
[BlackTeam "Ashfield Anonymous C"]

1. e4 c6 2. d4 d5 3. exd5 cxd5 4. c4 Nf6 5. Nc3 e6 6. Bg5 Be7 7. Nf3 Nc6 8. a3
a5 9. c5 b6 10. Bb5 Bd7 11. Bxc6 Bxc6 12. Ne5 Qc7 13. b4 axb4 14. axb4 bxc5 15.
bxc5 O-O 16. O-O Rfb8 17. Qc2 Rb4 18. Rxa8+ Bxa8 19. Ra1 Rb8 20. h3 Nh5 21. Nb5
Rxb5 22. Rxa8+ Rb8 23. Rxb8+ Qxb8 24. Bxe7 f6 25. Nd3 1-0

[Event "4NCL Online Division 6"]
[Site "online"]
[Date "2020.09.08"]
[Round "2.92"]
[White "Graham, Neil"]
[Black "Davis, Cameron"]
[Result "0-1"]
[WhiteElo "1847"]
[BlackElo "1487"]
[PlyCount "58"]
[EventDate "2020.09.08"]
[WhiteTeam "Ashfield Anonymous C"]
[BlackTeam "Stroud Middles"]

1. d4 d5 2. e4 dxe4 3. Nc3 Nf6 4. f3 exf3 5. Nxf3 g6 6. Bc4 Bg7 7. O-O O-O 8.
Qe1 Bg4 9. Qh4 Nc6 10. Be3 e6 11. Rad1 Ne7 12. Ng5 Nf5 13. Rxf5 Bxf5 14. Rf1 h5
15. h3 c6 16. g4 b5 17. Bb3 Bxg4 18. hxg4 Nxg4 19. Nd1 Nxe3 20. Nxe3 Qxd4 21.
Qxd4 Bxd4 22. Kf2 Bxb2 23. Ke2 a5 24. Nxf7 Kg7 25. Nd6 Rxf1 26. Nxf1 a4 27.
Bxe6 Rd8 28. Nb7 Re8 29. Nc5 Bd4 0-1

[Event "4NCL Online Division 6"]
[Site "online"]
[Date "2020.09.08"]
[Round "2.93"]
[White "Sarpotdar, Angad"]
[Black "Morgan, Philip D"]
[Result "0-1"]
[WhiteElo "1450"]
[BlackElo "1787"]
[PlyCount "66"]
[EventDate "2020.09.08"]
[WhiteTeam "Stroud Middles"]
[BlackTeam "Ashfield Anonymous C"]

1. e4 c5 2. Nc3 Nc6 3. f4 g6 4. Nf3 Bg7 5. Bb5 Nd4 6. Bc4 e6 7. e5 d5 8. exd6
Qxd6 9. O-O Nxf3+ 10. Qxf3 Qd4+ 11. Kh1 Qxc4 12. d3 Qa6 13. Be3 Bd4 14. Bxd4
cxd4 15. Ne4 Qc6 16. Qf2 Qb6 17. b3 Qd8 18. Ng5 Nh6 19. Nf3 Nf5 20. Rfe1 O-O
21. Re4 b6 22. Rae1 Bb7 23. R4e2 Bxf3 24. Qxf3 Rc8 25. g4 Ne3 26. c4 Qd7 27.
Qg3 a5 28. h4 b5 29. Rh2 bxc4 30. bxc4 Rb8 31. h5 Rb7 32. Qh4 Rfb8 33. Rhe2 Qe7
0-1

[Event "4NCL Online Division 6"]
[Site "online"]
[Date "2020.09.08"]
[Round "2.94"]
[White "Pettinger, Martin"]
[Black "Southcott, Vince"]
[Result "1/2-1/2"]
[WhiteElo "1727"]
[BlackElo "1345"]
[PlyCount "99"]
[EventDate "2020.09.08"]
[WhiteTeam "Ashfield Anonymous C"]
[BlackTeam "Stroud Middles"]

1. e4 c5 2. Nc3 Nc6 3. Bc4 e6 4. f4 d6 5. Nf3 Nd4 6. O-O Nf6 7. d3 d5 8. exd5
exd5 9. Nxd4 cxd4 10. Bb5+ Bd7 11. Qe1+ Be7 12. Bxd7+ Qxd7 13. Ne2 O-O 14. Nxd4
Bc5 15. c3 Rfe8 16. Be3 Ng4 17. Rf3 Nxe3 18. Rxe3 Bxd4 19. cxd4 Rxe3 20. Qxe3
Re8 21. Qf2 Qb5 22. Re1 Kf8 23. Rxe8+ Kxe8 24. Qe3+ Kf8 25. b3 a5 26. h3 a4 27.
bxa4 Qxa4 28. Qe5 Qc6 29. Qb8+ Ke7 30. Kh2 g6 31. Qe5+ Qe6 32. Qc7+ Qd7 33.
Qc5+ Qd6 34. Qc1 h6 35. Qe3+ Qe6 36. Qf2 Qd6 37. Qh4+ g5 38. Qe1+ Qe6 39. Qxe6+
Kxe6 40. fxg5 hxg5 41. Kg3 Kf5 42. Kf3 f6 43. a4 b6 44. g3 Kg6 45. g4 f5 46.
gxf5+ Kxf5 47. Kg3 Kg6 48. Kg4 Kf6 49. Kf3 Kf5 50. Kg3 1/2-1/2

[Event "4NCL Online Division 6"]
[Site "online"]
[Date "2020.09.08"]
[Round "2.101"]
[White "Pert, Nina"]
[Black "Young, Andy"]
[Result "1-0"]
[WhiteElo "1787"]
[BlackElo "1472"]
[PlyCount "51"]
[EventDate "2020.09.08"]
[WhiteTeam "Brentwood B"]
[BlackTeam "Lerryn Clowns"]

1. e4 e5 2. Nf3 Nc6 3. Bc4 Bc5 4. c3 Nf6 5. d4 exd4 6. cxd4 Bb4+ 7. Nc3 Nxe4 8.
O-O Nxc3 9. bxc3 Bxc3 10. Qb3 Bxa1 11. Bxf7+ Kf8 12. Bg5 Nxd4 13. Qa3+ Kxf7 14.
Bxd8 Rxd8 15. Rxa1 Ne2+ 16. Kf1 d5 17. Kxe2 c6 18. Ng5+ Kg8 19. Kf1 Bf5 20. Qe7
Bd3+ 21. Kg1 Rf8 22. Qe6+ Kh8 23. Nf7+ Kg8 24. Nh6+ Kh8 25. Qg8+ Rxg8 26. Nf7#
1-0